000 00452nam a22001697a 4500
003 CEME
005 20210628205714.0
008 210315b xxu||||| |||| 00| 0 eng d
040 _c.
082 _a297.216 JWZ
100 _aAbdul Rahman Jozi. Allama Jozi, Allama Abdul Rahman
_976735
245 _aTalbees iblees
260 _aKARACHI
_bDARA-UL-ISHAAT
_c1995
300 _a438P
650 _aISLAM-TEACHING-TALBEES IBLEES
_976736
942 _cBK
_2ddc
999 _c582074
_d582074